| 000 | 00776nam a2200205 a 4500 | ||
|---|---|---|---|
| 001 | BRCA_2327 | ||
| 005 | 20190320203748.0 | ||
| 008 | 910225s1990 mx-a---##b---s100-0#spa-# | ||
| 020 | _a9686341102 | ||
| 040 |
_aDLC _cDLC |
||
| 050 | 4 |
_aHD1471.M4 _b.O75 1990 |
|
| 245 | 1 | 0 |
_aOrigen y evolución de la hacienda en México _bsiglos XVI al XX _ccoordinadores María Teresa Jarquín Ortega ... [et al.]. |
| 260 |
_aMéxico _bEl Colegio Mexiquense : Universidad Iberoamericana : INAH _c1990 |
||
| 300 |
_a263 p. _bil., mapas _c28 cm. |
||
| 500 | _aMemorias del Simposio realizado del 27 al 30 de septiembre, 1989 | ||
| 504 | _aIncluye referencias bibliográficas | ||
| 650 | 1 | 4 |
_aHaciendas _xHistoria _zMéxico _9276 |
| 700 | 1 |
_aJarquín Ortega, María Teresa _96997 |
|
| 942 |
_2lcc _cB |
||
| 999 |
_c2072 _d2072 |
||